Eñe (Record no. 168414)

MARC details
000 -LEADER
campo de control de longitud fija 00858nas a2200265 i 4500
001 - NÚMERO DE CONTROL
campo de control 168414
003 - IDENTIFICADOR DE NÚMERO DE CONTROL
campo de control ES-MaACL
005 - FECHA Y HORA DE LA ÚLTIMA TRANSACCIÓN
campo de control 20250802062538.0
008 - DATOS DE LONGITUD FIJA--INFORMACIÓN GENERAL
campo de control de longitud fija 080407 2005 sp | | ||pa d
080 ## - NÚMERO DE LA CLASIFICACIÓN DECIMAL UNIVERSAL
Número de la Clasificación Decimal Universal 82(082.2)
245 00 - MENCIÓN DEL TÍTULO
Título Eñe
Resto del título : revista para leer.
246 2# - FORMA VARIANTE DEL TITULO
Título propio/Titulo breve Ñ
260 ## - PUBLICACIÓN, DISTRIBUCIÓN, ETC.
Lugar de publicación, distribución, etc. Madrid :
Nombre del editor, distribuidor, etc. La Fábrica,
Fecha de publicación, distribución, etc. 2005-
300 ## - DESCRIPCIÓN FÍSICA
Extensión 7 v. :
Otras características físicas il. ;
Dimensiones 22 cm.
310 ## - PERIODICIDAD ACTUAL
Periodicidad actual Trimestral
362 0# - FECHAS DE PUBLICACIÓN Y/O DESIGNACIÓN SECUENCIAL
Fecha de publicación y/o designación secuencial N. 1 (primavera 2005)-
650 #7 - PUNTO DE ACCESO ADICIONAL DE MATERIA--TÉRMINO DE MATERIA
Término de materia o nombre geográfico como elemento de entrada Literatura
Fuente del encabezamiento o término embne
9 (RLIN) 141583
655 #0 - TERMINO DE INDIZACIÓN--GENERO/FORMA
9 (RLIN) 176430
Datos o término principal de género/forma Revistas literarias
710 0# - ENTRADA AGREGADA--NOMBRE DE ENTIDAD CORPORATIVA
Nombre de entidad corporativa o nombre de jurisdicción como elemento de entrada La Fábrica.
9 (RLIN) 5459
852 ## - LOCALIZACIÓN
Ubicación ES-MaACL
Número de control de estantería HEM-2040
Ubicación en estantería Hemeroteca
Nota libre Expurgado marzo 2025: posterior 1958; sin encuaderar; completa a Biblioteca Nacional; 26 ubiaciones en Rebiun
866 #0 - MENCIÓN TEXTUAL DE FONDOS--UNIDAD BIBLIOGRÁFICA BÁSICA
Fondos 2005-2006 (2007)-(2012).
Faltantes Faltas: 2007 (n.11)
942 ## - ELEMENTOS DE ENTRADA SECUNDARIOS (KOHA)
Fuente del sistema de clasificación o colocación Clasificación decimal universal
Tipo de ítem Koha Revista
Holdings
Estatus retirado Estado de pérdida Fuente del sistema de clasificación o colocación Estado de daño No para préstamo Colección Biblioteca de origen Biblioteca actual Ubicación en estantería Fecha de adquisición Total de préstamos Signatura topográfica completa Código de barras Visto por última vez Precio de reemplazo Tipo de ítem Koha
Expurgado   Clasificación decimal universal     Periódicos y Revistas Biblioteca del Ateneo de Madrid Biblioteca del Ateneo de Madrid Hemeroteca 23/05/2008   HEM-2040 1177059 23/02/2023 23/02/2023 Revista